| 000 | 01598namaa22003131i 4500 | ||
|---|---|---|---|
| 003 | EG-GICUC | ||
| 005 | 20260304122638.0 | ||
| 008 | 260304s1996 le ||||jr|||| 000 0 ara d | ||
| 040 |
_aEG-GiCUC _bara _cEG-GiCUC _dEG-GiCUC _erda |
||
| 082 | 0 | 4 |
_221 _a239.9 _bT112k |
| 092 | 0 | 4 |
_221 _a239.9 _bT112k |
| 099 | _a239.9 T112k | ||
| 100 | 1 |
_aالطبرى، محب الدين احمد بن عبدالله _eمؤلف. |
|
| 245 | 1 |
_aكتاب الرياض النضرة فى مناقب العشرة : _bفى مناقب خليفة رسول الله أبى بكر الصديق رضى الله عنه / _cللشيخ الإمام المحقق الحافظ محب الدين أبى جعفر أحمد بن عبد الله ابن محمد الطبرى الشافعى ؛ دراسة وتحقيق وتعليق عيسى بن عبد الله بن محمد بن مانع الحميرى |
|
| 250 | _aالطبعة الاولى | ||
| 264 |
_aبيروت (لبنان) : _bدار الغرب الاسلامى، _c1996. |
||
| 300 |
_a: 2 مجلد _bايضاحيات، جداول ؛ _c24 سم |
||
| 336 |
_2rdacontent _atext |
||
| 337 |
_2rdamedia _aUnmediated |
||
| 338 |
_2rdacarrier _avolume |
||
| 504 | _aيشتمل على ارجاعات ببليوجرافية | ||
| 541 |
_aد. جابر عصفور ؛ _bالقاهرة ؛ _cإهداء ؛ _d2024. |
||
| 650 | 1 | 7 |
_aالصحابة والتابعين _2qrmak |
| 650 | 1 | 7 |
_aالسيرة النبوية _2qrmak |
| 651 | 1 | _2qrmak | |
| 700 | 1 |
_aالحميرى، عيسى بن عبد الله بن محمد بن مانع _eمحقق. |
|
| 905 | _aHuda | ||
| 942 |
_2ddc _cBK _e21 _n0 |
||
| 999 |
_c178874 _d178874 |
||